Southville International School and Colleges
Your cart is empty.
  • Cart
  • Lists
    Public lists Eva Luna New books Lux_list list_1
    Your lists Log in to create your own lists
  • Log in to your account
  • Your cookies
  • Search history
Southville International School and Colleges
  • Advanced search
  • Recent comments
  • Most popular
  • Libraries

Log in to your account

Log in with GOOGLE


If you do not have an external account, but do have a local account, you can still log in:

  1. Home
  2. MARC view: Which way, Ben Bunny? :
Normal view MARC view ISBD view

Which way, Ben Bunny? : (Record no. 103195)

[ view plain ]
MARC details
000 -LEADER
fixed length control field 00795nam a2200181 a 4500
005 - DATE AND TIME OF LATEST TRANSACTION
control field 20140412111253.0
008 - FIXED-LENGTH DATA ELEMENTS--GENERAL INFORMATION
fixed length control field 000821s19uu xx 00 eng d
020 ## - INTERNATIONAL STANDARD BOOK NUMBER
International Standard Book Number 0-590-62245-5
050 ## - LIBRARY OF CONGRESS CALL NUMBER
Classification number TR(PS E
Item number Wh55 1996
100 ## - MAIN ENTRY--PERSONAL NAME
Personal name Smith, Mavis
245 ## - TITLE STATEMENT
Title Which way, Ben Bunny? :
Remainder of title a lift-the-flap book - about left and right /
Statement of responsibility, etc by Mavis Smith.
260 ## - PUBLICATION, DISTRIBUTION, ETC. (IMPRINT)
Place of publication, distribution, etc New York :
Name of publisher, distributor, etc Scholastic Inc,
Date of publication, distribution, etc 1996.
300 ## - PHYSICAL DESCRIPTION
Extent 1 v. (unp.) ; ill.
520 ## - SUMMARY, ETC.
Summary, etc A carrot thief is on the loose! Children can take part in the chase by lifting the flaps on each spread. Clues underneath let readers know if they're wrong or right when comes to knowing their left from their right! What a fun way to learn this important concept!
650 ## - SUBJECT ADDED ENTRY--TOPICAL TERM
Topical term or geographic name as entry element Directions-Fiction
650 ## - SUBJECT ADDED ENTRY--TOPICAL TERM
Topical term or geographic name as entry element Birthday-Fiction
Holdings
Withdrawn status Lost status Damaged status Use restrictions Home library Current library Shelving location Date acquired Source of acquisition Cost, normal purchase price Total Checkouts Full call number Barcode Date last seen Price effective from Koha item type
        Elizalde Library Elizalde Library Teachers Reference Section 08/21/2000   313.00   TR(PS E Wh55 1996 E3988 04/12/2014 04/12/2014 Books

Which way, Ben Bunny? :

APA

Smith M., . (1996). Which way, Ben Bunny?. New York: Scholastic Inc.

Chicago

Smith Mavis, . 1996. Which way, Ben Bunny?. New York: Scholastic Inc.

Harvard

Smith M., . (1996). Which way, Ben Bunny?. New York: Scholastic Inc.

MLA

Smith Mavis, . Which way, Ben Bunny?. New York: Scholastic Inc. 1996.

  • Place hold
  • Print
  • Cite
  • Add to your cart (remove)
  • Save record
    BIBTEX Dublin Core MARCXML MARC (non-Unicode/MARC-8) MARC (Unicode/UTF-8) MARC (Unicode/UTF-8, Standard) MODS (XML) RIS
  • More searches
    Search for this title in:
    Other Libraries (WorldCat) Other Databases (Google Scholar) Online Stores (Bookfinder.com) Open Library (openlibrary.org)

Exporting to Dublin Core...

SOUTHVILLE LIBRARY

Southville International School and Colleges Library

1281 Tropical Ave. Cor. Luxembourg St., BF Homes International, Las Pinas City

Tel. No. 8256374 / 252358 Loc. 117/146

Powered by Koha